000 00580nam a22002297a 4500
003 UA-OsUOA
001 136468
007 ta
008 20190326b un ||||| |||| 00| 0 ukr d
100 _aХеллер Жд.
090 _a821.161
_bХ36
942 _cBK
040 _aUA-OsUOA
_bukr
_cUA-OsUOA
_dUA-OsUOA
245 _aПастка для дурнів
300 _a626 с.
955 _a3
041 _aukr
080 _a821.161
260 _aК.
_bДніпро
_c1988
650 7 _a82 Література. Літературознавство
_2UDC
999 _c409392
_d409392